1011 1614 1710 1453 1947 1873 1730 1054 1016 1178 1229 1747 1072 1118 1649 1033 1780 1182 1467 1715 1019 1242 1216 1429 1219 1983 1789 1544 1214 1375 1492 1523 1054 1763 1340 1936 1063 1107 1475 1512 1144 1143 1224 1795 1350 1301 1578 1114 1530 1154 1354 1228 1267 1698 1873 1436 1705 1950 1266 1367 1915 1458 1493 1124 1450 1892 1368 1221 1457 1378 1128 1346 1393 1762 1041 1276 1797 1448 1307 1313 1851 1561 1325 1855 1701 1111 1046 1662 1755 1099 1551 1751 1109 1639 1771 1173 1157 1841 1516 BCNSPRNW ULIB Ver.6.0+V

เปลี่ยนเป็นภาษาไทย

Change to English
 แสดงรายละเอียดบรรณานุกรม
  กลับหน้าหลัก

Brief Record : Get Marc (ISO 2709) : E-mail record : QR code < ปิดหน้าต่าง
LEADER : 00000nam 2200000uu 4500
001    13399112002
003     ULIB
008    110719s2551||||th 000 0 tha d
020    9741078349
090    นว.^bอ175อ 2551
100 0   อนาเซีย
245 00  อาณาจักรรักต้องห้าม/^cอนาเซีย
250     พิมพ์ครั้งที่ 1
260     กรุงเทพฯ :^bทูบีเลิฟ,^c2551
300     279 หน้า
945    ^p149^l0^i023615
995     เกษร
999     ^aใช้งานได้ทุกระบบ
รายการนี้ยังไม่มีแท็ก
คุณยังไม่ได้ล็อกอิน คุณสามารถมีกิจกรรมร่วมกับเว็บไซต์ได้ แต่ต้องล็อกอินก่อน ::
  ล็อกอิน

รายการสื่อสารสนเทศ

ลำดับที่ ประเภท เลขเรียก/บาร์โค้ด สถานที่ สถานะ
1. นวนิยาย
นวนิยาย
นว. อ175อ 2551  
  Barcode: 023615
ห้องสมุดวิทยาเขตสวรรค์ประชารักษ์
►นวนิยาย
บนชั้น
  ขอยืม

BibComment


ยังไม่เคยถูกคอมเมนท์

คอมเมนท์ทรัพยากรรายการนี้
  คอมเมนท์: อาณาจักรรักต้องห..


 Copyright 2026. Bcnsprnw @Library